Trh práce v Japonsku

Ekonomické javy ovplyvňujúce trh práce v Japonsku. Charakteristika pracovnej sily. Systém zamestnania na celý život. Japonský pracovný právny systém a odbory. Zamestnanosť žien. Miera nezamestnanosti. Seniorský mzdový systém.

Saved in:
Bibliographic Details
Main Author: Janečková, M.
Format: Book Chapter
Language:Czech
Subjects:
Tags: Add Tag
No Tags, Be the first to tag this record!

MARC

LEADER 00000naa a2200000 4500
001 r026337
005 20230912090215.0
041 0 |a cze 
044 |a CZ 
245 1 0 |a Trh práce v Japonsku  |c M. Janečková 
520 |a Ekonomické javy ovplyvňujúce trh práce v Japonsku. Charakteristika pracovnej sily. Systém zamestnania na celý život. Japonský pracovný právny systém a odbory. Zamestnanosť žien. Miera nezamestnanosti. Seniorský mzdový systém. 
610 2 0 |a trh práce 
610 2 0 |a Japonsko 
610 2 0 |a sily pracovné 
610 2 0 |a pomer pracovný 
610 2 0 |a zamestnanosť 
610 2 0 |a nezamestnanosť 
610 2 0 |a odbory 
610 2 0 |a právo pracovné 
610 2 0 |a ženy 
610 2 0 |a mzdy 
610 2 0 |a miera nezamestnanosti 
100 1 |a Janečková, M.